[Event "AUTO-INT-2730"]
[Site "http://www.queenalice.com/game.php?id=1221012"]
[Date "2013.9.30"]
[Round "1"]
[White "gonzo655"]
[Black "thigo"]
[Result "1-0"]
[WhiteElo "1593"]
[BlackElo "1560"]

1. e4 g6 2. d4 a6 3. Bd3 Bg7 4. c3 e5 5. d5 Nf6 6. Bg5 O-O 7. Nf3 d6 8. O-O Bg4
9. h3 Bxf3 10. Qxf3 c6 11. c4 Qa5 12. Bxf6 Qb6 13. Bxg7 Kxg7 14. b3 Nd7 15. Nc3
Qd4 16. Ne2 Qb2 17. dxc6 bxc6 18. Qe3 d5 19. Qc1 Qxc1 20. Rfxc1 dxe4 21. Bxe4
Rac8 22. Rd1 Nc5 23. f3 f5 24. Bc2 e4 25. f4 Rfe8 26. Ng3 e3 27. Re1 Rcd8 28. b4
Ne4 29. Bxe4 fxe4 30. Rxe3 Rd4 31. Rc1 Rd3 32. Rxe4 Rxe4 33. Nxe4 Rd4 34. Ng3
Rxf4 35. Ne2 Re4 36. Rc2 h5 37. Ng3 Re3 38. Kh2 Ra3 39. Ne4 Ra4 40. g4 h4 41.
Nc5 Rxb4 42. Nxa6 Rb6 43. Nc5 Kf6 44. Nd7+ Kg5 45. Nxb6 Kf4 46. a4 Ke3 47. a5
Kd3 48. Rf2 Kd4 49. Rf6 Kc5 50. Rxg6 Kb4 51. Rg5 c5 52. a6 Ka5 53. a7 Kxb6 54.
a8=Q Kc7 55. Qa7+ Kc6 56. Rg6# 1-0

[Event "AUTO-INT-2730"]
[Site "http://www.queenalice.com/game.php?id=1221013"]
[Date "2013.9.30"]
[Round "1"]
[White "thigo"]
[Black "gonzo655"]
[Result "0-1"]
[WhiteElo "1596"]
[BlackElo "1576"]

1. e4 e5 2. Bc4 Nf6 3. Nf3 d6 4. Ng5 Be6 5. Na3 d5 6. exd5 Bxd5 7. O-O Bxa3 8.
Bxd5 Qxd5 9. bxa3 h6 10. Nf3 O-O 11. Re1 Re8 12. d3 Nc6 13. Bb2 Rad8 14. c4 Qc5
15. Re3 Ng4 16. h3 Nxe3 17. fxe3 Qxe3+ 18. Kh1 Rxd3 19. Qe1 Qf4 20. Qe2 Re3 21.
Qf2 Nd4 22. Bxd4 exd4 23. Rf1 d3 24. Nd2 Qxf2 25. Rxf2 Re2 26. Rf1 Rxd2 27. a4
Rxa2 28. Rd1 d2 29. Kh2 Re2 30. c5 c6 31. a5 Rxa5 32. h4 Rxc5 33. h5 Rd5 34. Kg3
Re1 35. Rxd2 Rxd2 36. Kh4 Re3 37. g3 Rh2+ 38. Kg4 Re4+ 39. Kf3 Ra4 40. Ke3 Rxh5
41. Kf3 Rf5+ 42. Kg2 h5 43. Kh3 h4 44. g4 g5 45. gxf5 Ra3+ 46. Kg4 f6 47. Kh5
Kf7 48. Kh6 h3 0-1

[Event "AUTO-INT-2730"]
[Site "http://www.queenalice.com/game.php?id=1221014"]
[Date "2013.9.30"]
[Round "1"]
[White "gonzo655"]
[Black "oldfool"]
[Result "0-1"]
[WhiteElo "1619"]
[BlackElo "1426"]

1. e4 e5 2. Nf3 d6 3. d3 h6 4. c3 Be7 5. d4 f6 6. d5 f5 7. Bd3 Nf6 8. h3 fxe4 9.
Bxe4 Nxe4 10. Qd3 Nc5 11. Qb5+ Qd7 12. Qb4 O-O 13. O-O Qf5 14. Re1 Qg6 15. Nbd2
Nd3 16. Qb3 Nxe1 17. Nxe1 Bxh3 18. g3 Na6 19. Qxb7 Nc5 20. Qxc7 Rfe8 21. Qc6 Ne4
22. Nxe4 Qxe4 23. Be3 Rec8 24. Qb5 Qc4 25. Qxc4 Rxc4 26. Kh2 Bf5 27. Rc1 Kh7 28.
b3 Rc7 29. c4 Bd8 30. Ng2 Kg6 31. Rc3 Kh5 32. f3 g5 33. g4+ Bxg4 34. fxg4+ Kxg4
35. Bd2 Rf7 36. Rg3+ Kh5 37. Kh3 Rf2 38. Rd3 g4+ 39. Kg3 Bb6 40. Be3 Rf3+ 41.
Kh2 Raf8 42. Rd1 Bxe3 43. Rh1 Rh3# 0-1

[Event "AUTO-INT-2730"]
[Site "http://www.queenalice.com/game.php?id=1221015"]
[Date "2013.9.30"]
[Round "1"]
[White "oldfool"]
[Black "gonzo655"]
[Result "1-0"]
[WhiteElo "1479"]
[BlackElo "1608"]

1. d4 d5 2. b3 Nc6 3. c3 e6 4. e3 Bd6 5. Be2 Nf6 6. h3 h6 7. Nf3 O-O 8. O-O Re8
9. Na3 a6 10. b4 b5 11. Bb2 Ne4 12. Ne5 Nxe5 13. dxe5 Bxe5 14. Nc2 c6 15. Bh5 a5
16. Qf3 Rf8 17. Rfd1 Bxc3 18. Bxc3 Nxc3 19. Rd4 e5 20. Rd2 Ne4 21. Qd1 Nxd2 22.
Qxd2 a4 23. Kh2 Qh4 24. Qe2 Bf5 25. Bg4 Bxg4 26. Qxg4 Qf6 27. Qe2 e4 28. f3 Qe5+
29. g3 f5 30. f4 Qc3 31. Rb1 Qd3 32. Qxd3 exd3 33. Nd4 Rfe8 34. Nxf5 g6 35.
Nxh6+ Kh7 36. Ng4 Ra7 37. Nf6+ Kg7 38. Nxe8+ Kf8 39. Nf6 Re7 40. Ng4 d4 41. Ne5
Re6 42. exd4 Rd6 43. Nxd3 Rxd4 44. Ne5 Rd6 45. h4 Kg7 46. Kh3 Rd2 47. a3 Rc2 48.
Kg4 Kf6 49. Nd7+ Ke7 50. Ne5 Kf6 51. Re1 c5 52. Nd7+ Kf7 53. Nxc5 Rc3 54. Re5
Rxa3 55. Nb7 Rd3 56. Rxb5 a3 57. Nc5 a2 58. Ra5 Rd2 59. Nb3 Rc2 60. Na1 Rb2 61.
b5 Kf6 62. b6 Rxb6 63. Rxa2 Rb8 64. Ra5 Kg7 65. Rg5 Kf6 66. Nc2 Rb3 67. Nd4 Rb4
68. Nc6 Rb7 69. Ne5 Rg7 70. Nxg6 Rxg6 71. Rxg6+ Kxg6 72. h5+ Kh6 73. Kh4 Kh7 74.
g4 Kh6 75. g5+ Kg7 76. f5 Kf7 77. h6 Kg8 78. f6 Kh7 79. Kh5 Kg8 80. g6 Kh8 81.
Kg5 Kg8 82. h7+ Kh8 83. f7 1-0

[Event "AUTO-INT-2730"]
[Site "http://www.queenalice.com/game.php?id=1221016"]
[Date "2013.9.30"]
[Round "1"]
[White "gonzo655"]
[Black "alfonso"]
[Result "1-0"]
[WhiteElo "1587"]
[BlackElo "1524"]

1. e4 e5 2. Nf3 f6 3. d3 Bc5 4. c3 Nc6 5. b4 Bb6 6. a4 a5 7. b5 Nce7 8. Ba3 d6
9. h3 Ng6 10. c4 Bd4 11. Nxd4 exd4 12. Qh5 Ke7 13. Qd5 c5 14. Qh5 Nf4 15. Qf3 g5
16. g3 Ne6 17. h4 Bd7 18. Bh3 Nf8 19. hxg5 fxg5 20. Bxd7 Qxd7 21. Rh5 h6 22. Nd2
g4 23. Qe2 Nf6 24. Rf5 N8h7 25. e5 Qxf5 26. exf6+ Kxf6 27. Ne4+ Kg7 28. Nxd6 Qd7
29. Ne4 b6 30. Nd2 Rhe8 31. Ne4 Qf7 32. O-O-O Ra7 33. Qxg4+ Kf8 34. Nd6 Qe7 35.
Nxe8 Qxe8 36. Qf4+ Kg7 37. Qg4+ Ng5 38. f4 Qg6 39. fxg5 hxg5 40. Kc2 Re7 41. Bc1
Re5 42. Qd7+ Kf6 43. Rf1+ Rf5 44. Qd8+ Ke6 45. Re1+ Re5 46. Qxb6+ Kf7 47. Qxg6+
Kxg6 48. Rxe5 g4 49. b6 Kf6 50. Rd5 Ke6 51. b7 Kf6 52. b8=Q Ke7 53. Bg5+ Kf7 54.
Rd6 Kg7 55. Qc7+ Kg8 56. Rd8# 1-0

[Event "AUTO-INT-2730"]
[Site "http://www.queenalice.com/game.php?id=1221017"]
[Date "2013.9.30"]
[Round "1"]
[White "alfonso"]
[Black "gonzo655"]
[Result "1-0"]
[WhiteElo "1553"]
[BlackElo "1638"]

1. e4 e5 2. Qf3 f6 3. Bc4 Ne7 4. Qd3 d6 5. Bb5+ c6 6. Ba4 b5 7. Bb3 Ba6 8. Qf3
h6 9. Qh5+ g6 10. Qf3 Nd7 11. Qg4 h5 12. Qe6 f5 13. Qf7# 1-0

[Event "AUTO-INT-2760"]
[Site "http://www.queenalice.com/game.php?id=1232945"]
[Date "2013.11.17"]
[Round "1"]
[White "gonzo655"]
[Black "danielporrasarias"]
[Result "1-0"]
[WhiteElo "1635"]
[BlackElo "1673"]

1. e4 e5 2. Nf3 d6 3. d3 h6 4. Nc3 Be6 5. a3 Nf6 6. h3 Nc6 7. Be2 Qd7 8. O-O Be7
9. b3 g5 10. Be3 g4 11. hxg4 Bxg4 12. g3 h5 13. Nh2 Bxe2 14. Qxe2 h4 15. Bg5
hxg3 16. fxg3 Qh3 17. Qg2 Ng4 18. Nxg4 Qxg4 19. Bxe7 Kxe7 20. Nd5+ Kd8 21. Rxf7
Rc8 22. Raf1 Qg5 23. Rf8+ Rxf8 24. Rxf8+ Kd7 25. Qh3+ Qf5 26. Qxf5# 1-0

[Event "AUTO-INT-2760"]
[Site "http://www.queenalice.com/game.php?id=1232946"]
[Date "2013.11.17"]
[Round "1"]
[White "danielporrasarias"]
[Black "gonzo655"]
[Result "0-1"]
[WhiteElo "1632"]
[BlackElo "1632"]

1. c4 c5 2. e3 e5 3. d4 e4 4. Nc3 Qa5 5. Bd2 Nf6 6. Nxe4 Qb6 7. Nxf6+ Qxf6 8.
Bc3 Qc6 9. Nf3 f6 10. Bd3 b6 11. O-O Bd6 12. Re1 Bb7 13. d5 Qc7 14. e4 Be5 15.
Bxe5 fxe5 16. Ng5 d6 17. Ne6 Qe7 18. h4 Bc8 19. Ng5 h6 20. Nf3 Bg4 21. g3 Rf8
22. Be2 h5 23. Ng5 Bxe2 24. Qxe2 g6 25. Ne6 Rf6 26. Rf1 Nd7 27. Nc7+ Kf8 28.
Nxa8 Qd8 29. Nxb6 Nxb6 30. b3 a5 31. a4 Kg7 32. f4 exf4 33. Rxf4 Rxf4 34. gxf4
Qxh4 35. Qf3 Nd7 36. Rf1 Nf6 37. Rf2 Ng4 38. Rg2 Qe1+ 39. Qf1 Qe3+ 0-1

[Event "AUTO-INT-2760"]
[Site "http://www.queenalice.com/game.php?id=1232947"]
[Date "2013.11.17"]
[Round "1"]
[White "gonzo655"]
[Black "Slazenger"]
[Result "1-0"]
[WhiteElo "1608"]
[BlackElo "1677"]

1. e4 Nc6 2. c3 e5 3. Bb5 Nge7 4. d3 a6 5. Bxc6 Nxc6 6. Nf3 d6 7. Bg5 f6 8. Be3
b6 9. O-O Bg4 10. h3 Bxf3 11. Qxf3 Ne7 12. c4 c5 13. b3 Ng6 14. Qh5 Qe7 15. Nc3
O-O-O 16. Qf5+ Rd7 17. Nd5 Qd8 18. b4 Ne7 19. Qe6 Nc6 20. b5 axb5 21. cxb5 Nd4
22. Bxd4 cxd4 23. Rfc1+ Kb7 24. Rc6 Ka7 25. Nxb6 Rb7 26. Nc8+ Kb8 27. Nxd6 Bxd6
28. Rxd6 Qc7 29. b6 Qc3 30. Rd1 Rc8 31. Rd7 Qa5 32. Rxb7+ Kxb7 33. Qd7+ Kb8 34.
b7 Rc7 35. Qd8+ Kxb7 36. Rb1+ Ka6 37. Qa8+ Ra7 38. Qc8+ Rb7 39. Qxb7# 1-0

[Event "AUTO-INT-2760"]
[Site "http://www.queenalice.com/game.php?id=1232948"]
[Date "2013.11.17"]
[Round "1"]
[White "Slazenger"]
[Black "gonzo655"]
[Result "1-0"]
[WhiteElo "1663"]
[BlackElo "1622"]

1. e4 e5 2. Nf3 Nc6 3. c3 Nf6 4. d3 d6 5. Bg5 h6 6. Bxf6 Qxf6 7. Nbd2 a6 8. Be2
Bg4 9. d4 O-O-O 10. h3 Bh5 11. d5 Na5 12. b4 Bxf3 13. Bxf3 g5 14. Bg4+ Kb8 15.
bxa5 h5 16. Bf5 Bg7 17. Rb1 g4 18. hxg4 hxg4 19. Bxg4 Rxh1+ 20. Nf1 Qf4 21. Bf3
Qh2 22. g4 Rg1 23. Ke2 Qf4 24. Qd3 Bh6 25. Qxa6 Kc8 26. Qxb7+ Kd7 27. Qc6+ Ke7
28. Qxc7+ Rd7 29. Qc6 Rxf1 30. Kxf1 Qxf3 31. Rb7 Qxg4 32. Rxd7+ Qxd7 33. a6 Qa7
34. Qb7+ 1-0

[Event "Challenge"]
[Site "http://www.queenalice.com/game.php?id=1234709"]
[Date "2013.11.23"]
[Round "-"]
[White "gonzo655"]
[Black "chato"]
[Result "1-0"]
[WhiteElo "1640"]
[BlackElo "1552"]

1. e4 e5 2. d3 Bd6 3. Nf3 Nf6 4. Bg5 h6 5. Bxf6 Qxf6 6. Qe2 O-O 7. Nc3 Be7 8.
Nd5 Qd6 9. c4 c6 10. Nc3 b5 11. cxb5 cxb5 12. Nxb5 Qb4+ 13. Nc3 Qa5 14. a3 Ba6
15. Qc2 Rc8 16. Qd2 Nc6 17. Be2 Rab8 18. O-O Bg5 19. Nxg5 hxg5 20. b4 Qc7 21.
Qxg5 Nd4 22. Nd5 Qd8 23. Qxd8+ Rxd8 24. Ra2 f6 25. h3 Kf7 26. Bh5+ Kg8 27. Rd1
Bb7 28. Ne7+ Kh7 29. f3 Kh6 30. Bg4 g6 31. h4 Re8 32. Nd5 Bxd5 33. exd5 Ne2+ 34.
Rxe2 d6 35. Rc1 f5 36. Bh3 Rb5 37. d4 Rxd5 38. dxe5 dxe5 39. f4 e4 40. Rc6 Rf8
41. Ra6 Rf7 42. g3 Kg7 43. Bg2 Rd3 44. Kh2 Rc7 45. Bf1 Rcc3 46. Rxa7+ Kh6 47.
Rg2 Rf3 48. Kg1 Rc1 49. Rf2 Rxg3+ 50. Kh2 Rb3 51. Ra6 Kh5 52. Rg2 Kxh4 53. Kg1
Rg3 54. Rxg3 Kxg3 55. Rxg6+ Kxf4 56. b5 e3 57. Kg2 Rc2+ 58. Kh3 Rc1 59. Be2 Re1
60. Rg2 Ke4 61. b6 Rb1 62. Rg6 Rb2 63. Re6+ Kf4 64. Bd3 Kf3 65. Bxf5 Ra2 66.
Bg4+ Kf4 67. b7 Rb2 68. Re7 Rb6 69. Rf7+ Ke4 70. Bf3+ Ke5 71. Rf8 Rxb7 72. Bxb7
Kd4 73. Rd8+ Kc3 74. Bf3 1-0

[Event "Challenge"]
[Site "http://www.queenalice.com/game.php?id=1234710"]
[Date "2013.11.23"]
[Round "-"]
[White "gonzo655"]
[Black "chato"]
[Result "0-1"]
[WhiteElo "1653"]
[BlackElo "1518"]

1. Nf3 e6 2. e4 Nh6 3. d3 Bd6 4. Bxh6 gxh6 5. Nc3 Qf6 6. Qe2 Bb4 7. Qd2 Nc6 8.
a3 Ba5 9. g3 Qxf3 10. Rg1 d5 11. Be2 Qf6 12. exd5 exd5 13. Qe3+ Be6 14. b4 Qxc3+
15. Kf1 Qxa1+ 16. Kg2 Bb6 17. Qxb6 Qxg1+ 18. Kxg1 axb6 0-1

[Event "mesa 4"]
[Site "http://www.queenalice.com/game.php?id=1236868"]
[Date "2013.12.1"]
[Round "-"]
[White "Herbert_Cezar"]
[Black "gonzo655"]
[Result "1-0"]
[WhiteElo "1836"]
[BlackElo "1648"]

1. e4 e5 2. Nf3 d6 3. Bc4 h6 4. Nc3 Nf6 5. O-O Bg4 6. Be2 c6 7. d3 b5 8. a3 Be7
9. Be3 O-O 10. Nd2 Bxe2 11. Qxe2 Nbd7 12. f4 a6 13. fxe5 Nxe5 14. Nf3 Rb8 15.
Nd2 Qc7 16. Nf3 Neg4 17. d4 a5 18. Bf4 Nd7 19. Rad1 Qb6 20. h3 Ngf6 21. e5 dxe5
22. Nxe5 Nxe5 23. Bxe5 Nd7 24. Bxg7 Kxg7 25. Qxe7 Qd8 26. Qd6 Rc8 27. Qg3+ Qg5
28. Qxg5+ hxg5 29. Ne4 f6 30. c3 Rb8 31. Nd6 Kg6 32. Rfe1 Nb6 33. b3 a4 34. b4
Nd5 35. c4 bxc4 36. Nxc4 Rbd8 37. Re6 Nc3 38. Rd3 Nb5 39. Rxc6 Nxd4 40. Rd6 Ne2+
41. Kh2 Rc8 42. Nb6 Nf4 43. Nxc8 Nxd3 44. Ne7+ Kf7 45. Nd5 Kg6 46. Nb6 Nb2 47.
Kg1 Re8 48. Kf1 Re3 49. Nd5 Rxa3 50. Rxf6+ Kh5 51. Ra6 Rb3 52. Ra5 Kh6 53. b5
Nc4 54. Rxa4 Rxb5 55. Rxc4 Rxd5 56. Kf2 Rd2+ 57. Kg3 Kh5 58. Rc8 Rd3+ 59. Kh2
Kg6 60. Rc6+ Kf5 61. Rc5+ Kg6 62. Rc6+ Kf5 63. Rc8 Kf6 64. Rf8+ Kg7 65. Rf3 Rd2
66. Kg3 Kg6 67. Re3 Rd4 68. Kf3 Rf4+ 69. Kg3 Kf5 70. Re8 Kg6 71. Rg8+ Kh5 72.
Kh2 Re4 73. Rh8+ Kg6 74. Ra8 Re2 75. Ra7 Re3 76. Ra4 Kf5 77. Rb4 Kg6 78. Rc4 Kf5
79. Rd4 Kg6 80. Kg1 Re5 81. Kf2 Rf5+ 82. Kg3 Rc5 83. Kg4 Rc2 84. g3 Rc5 85. Rd6+
Kf7 86. Rb6 Rd5 87. Kh5 Rd3 88. g4 Rd5 89. Rb3 Kf6 90. Rb6+ Kf7 91. Rh6 Ke7 92.
Rg6 Rd3 93. h4 gxh4 94. Kxh4 Kf7 95. Rc6 Rd4 96. Rc5 Kg6 97. Rg5+ Kh6 98. Re5
Kg6 99. Rb5 Kh6 100. Rb6+ Kg7 101. Kh5 Rd8 102. g5 Rh8+ 103. Kg4 Rh1 104. Rb7+
Kg6 105. Rb6+ Kg7 106. Rc6 Rg1+ 107. Kf4 Rf1+ 108. Ke4 Re1+ 109. Kf4 Rf1+ 110.
Kg4 Rg1+ 111. Kf5 Rf1+ 112. Ke4 Re1+ 113. Kf3 Rf1+ 114. Kg2 Rf5 115. Kg3 Rxg5+
116. Kf3 Rf5+ 117. Kg4 Ra5 118. Rb6 Ra4+ 119. Kf5 Ra5+ 120. Kf4 Kf7 121. Rc6 Ke7
122. Ke4 Kd7 123. Rg6 Ke7 124. Kd4 Kf7 125. Rb6 Ke7 126. Kd3 Rd5+ 127. Ke4 Rc5
128. Kd4 Rh5 129. Rg6 Ra5 130. Rh6 Kf7 131. Rb6 Rh5 132. Ra6 Ke7 133. Rg6 Kf7
134. Rc6 1-0

[Event "Challenge"]
[Site "http://www.queenalice.com/game.php?id=1254764"]
[Date "2014.2.8"]
[Round "-"]
[White "chato"]
[Black "gonzo655"]
[Result "1-0"]
[WhiteElo "1497"]
[BlackElo "1663"]

1. e4 e5 2. Nc3 Nf6 3. Qf3 d6 4. d3 Bg4 5. Qe3 c5 6. h3 Be6 7. Be2 Qa5 8. Bd2
Qb6 9. Nf3 Qxb2 10. Rb1 Qxc2 11. Bd1 Qxb1 12. Nxb1 Bxa2 13. Nc3 Be6 14. g4 a6
15. g5 Nfd7 16. h4 g6 17. Ke2 Bg4 18. Rg1 Bh5 19. Nd5 Kd8 20. Ba5+ Kc8 21. Ba4
Nc6 22. Bb6 a5 23. Rb1 Nb4 24. Kf1 Nxd5 25. exd5 Ra6 26. Bxd7+ Kxd7 27. Ne1 a4
28. Qh3+ Ke7 29. Qc8 a3 30. Qd8# 1-0

[Event "Challenge"]
[Site "http://www.queenalice.com/game.php?id=1264252"]
[Date "2014.3.12"]
[Round "-"]
[White "gonzo655"]
[Black "chato"]
[Result "1-0"]
[WhiteElo "1640"]
[BlackElo "1524"]

1. e4 e5 2. Nf3 Nc6 3. b3 f6 4. d3 Bd6 5. Nc3 a5 6. Nb5 Nb4 7. Ba3 Be7 8. c4 c6
9. Nc3 d5 10. h3 dxe4 11. Nxe4 Nh6 12. Bc1 O-O 13. Bxh6 gxh6 14. a3 Na6 15. Be2
b5 16. O-O Kh8 17. Rc1 Rg8 18. Kh2 f5 19. Ng3 bxc4 20. Nxe5 Rg7 21. Nxc6 Qd5 22.
Bf3 Qe5 23. Nxe5 Bd6 24. Bxa8 Bxe5 25. dxc4 f4 26. Nh5 f3+ 27. g3 Nc7 28. Nxg7
Kxg7 29. Bxf3 Ne6 30. Bg4 h5 31. Bxe6 Bxe6 32. Qe2 Kf6 33. Qxh5 1-0

[Event "Challenge"]
[Site "http://www.queenalice.com/game.php?id=1264253"]
[Date "2014.3.12"]
[Round "-"]
[White "chato"]
[Black "gonzo655"]
[Result "1-0"]
[WhiteElo "1499"]
[BlackElo "1639"]

1. d4 d5 2. Nf3 f6 3. e3 e6 4. Nc3 Bb4 5. Bd2 a6 6. Na4 Bd6 7. Bd3 b5 8. Nc3 c6
9. O-O g5 10. a4 b4 11. Ne2 a5 12. c4 Ba6 13. b3 f5 14. Bc2 g4 15. Ne5 Bxe5 16.
dxe5 dxc4 17. bxc4 Bxc4 18. e4 fxe4 19. Bxe4 Qb6 20. Rc1 Ba6 21. Bg5 Ra7 22. Be3
Qc7 23. Bxa7 Qxa7 24. Bxc6+ Nxc6 25. Rxc6 Kf7 26. Re1 Ne7 27. Rd6 Bxe2 28. Rxe2
Rb8 29. Re4 Qc5 30. Rf4+ Nf5 31. Rd7+ Ke8 32. Rxg4 Kf8 33. Rd8+ Rxd8 34. Qxd8+
Kf7 35. Qf6+ Ke8 36. Qxe6+ Kd8 37. Rg8+ Kc7 38. Rc8+ 1-0

[Event "AUTO-INT-2760"]
[Site "http://www.queenalice.com/game.php?id=1270222"]
[Date "2014.4.3"]
[Round "2"]
[White "Legionnaire"]
[Black "gonzo655"]
[Result "1-0"]
[WhiteElo "1752"]
[BlackElo "1614"]

1. e4 e5 2. Nf3 Nc6 3. Bb5 Nge7 4. O-O a6 5. Bxc6 Nxc6 6. d4 f6 7. dxe5 fxe5 8.
Qd5 d6 9. Ng5 Qf6 10. f4 Nb4 11. Qc4 a5 12. fxe5 Qxe5 13. Qf7+ Kd8 14. Na3 Be7
15. Qf4 Qd4+ 16. Kh1 Rf8 17. Be3 Rxf4 18. Bxd4 Rxf1+ 19. Rxf1 Bxg5 20. Bxg7 Nxa2
21. Rf8+ Kd7 22. Rh8 Be7 23. Rxh7 b6 24. Bf6 Bb7 25. Rxe7+ Kc6 26. h4 Rh8 27.
Bxh8 Ba6 28. h5 Nb4 29. h6 Kc5 30. Rxc7+ 1-0

[Event "AUTO-INT-2760"]
[Site "http://www.queenalice.com/game.php?id=1270223"]
[Date "2014.4.3"]
[Round "2"]
[White "gonzo655"]
[Black "Legionnaire"]
[Result "1-0"]
[WhiteElo "1601"]
[BlackElo "1804"]

1. e4 e5 2. Nf3 Nc6 3. c3 Bc5 4. b4 Be7 5. Bb5 d6 6. h3 Bd7 7. O-O Nf6 8. d3 O-O
9. Bb2 a6 10. Bc4 b5 11. Bb3 a5 12. Ng5 Be8 13. Na3 a4 14. Bc2 Nb8 15. d4 exd4
16. Qxd4 Nh5 17. Nf3 Nf6 18. e5 dxe5 19. Qxe5 Bd6 20. Qg5 c6 21. c4 Be7 22. Rad1
Qc7 23. Bxf6 Bxf6 24. Qh5 Na6 25. Qxh7# 1-0

[Event "AUTO-INT-2760"]
[Site "http://www.queenalice.com/game.php?id=1270226"]
[Date "2014.4.3"]
[Round "2"]
[White "kuntakinte"]
[Black "gonzo655"]
[Result "1-0"]
[WhiteElo "1821"]
[BlackElo "1608"]

1. e4 e5 2. Nf3 Nc6 3. d4 f6 4. d5 Nce7 5. Nc3 d6 6. Bb5+ Bd7 7. O-O a6 8. Ba4
b5 9. Bb3 a5 10. a4 b4 11. Ne2 h6 12. c3 Rb8 13. Bd2 Bg4 14. cxb4 Bxf3 15. gxf3
axb4 16. a5 c5 17. Ba4+ Kf7 18. a6 Nc8 19. Bb3 Qb6 20. Bc4 Ra8 21. Ra4 Na7 22.
f4 Nb5 23. Qa1 Na7 24. fxe5 Kg6 25. e6 Be7 26. Nf4+ Kh7 27. b3 g6 28. Qb1 f5 29.
exf5 Nf6 30. Nxg6 Rhg8 31. Kh1 Rg7 32. Qd3 Re8 33. Qh3 Ng8 34. Qh5 Qd8 35. Bd3
Bf6 36. Rg1 Bd4 37. Bg5 Qb6 38. Ra2 c4 39. Bxc4 Bxf2 40. Rg2 Qd4 41. Raxf2 Qe4
42. f6 Rxg6 43. Kg1 Qe5 44. Bd3 Qe1+ 45. Rf1 1-0

[Event "AUTO-INT-2760"]
[Site "http://www.queenalice.com/game.php?id=1270227"]
[Date "2014.4.3"]
[Round "2"]
[White "gonzo655"]
[Black "kuntakinte"]
[Result "0-1"]
[WhiteElo "1617"]
[BlackElo "1781"]

1. e4 e5 2. Nf3 d6 3. d3 c6 4. c3 h6 5. h3 Nf6 6. Be2 c5 7. O-O Nc6 8. Qa4 a6 9.
c4 Bd7 10. Qb3 b6 11. a3 Be6 12. Nbd2 b5 13. Qc3 a5 14. cxb5 Nd4 15. Nxd4 exd4
16. Qc2 a4 17. b3 axb3 18. Nxb3 Be7 19. a4 d5 20. e5 Nd7 21. Bf4 O-O 22. a5 g5
23. Bg3 f6 24. b6 Ra6 25. Nd2 Nxe5 26. Rfe1 Nc6 27. Nb3 Nb4 28. Qc1 Qc8 29. Bc7
Nxd3 30. Bxd3 c4 31. Nc5 Bxc5 32. Bg6 Bb4 33. Rd1 Bxa5 34. Rxd4 Bxb6 35. Rxa6
Qxa6 36. Bxb6 Qxb6 37. Qc3 Qc7 38. Qc2 f5 39. g3 Qg7 40. Bh5 Qxd4 0-1

[Event "AUTO-INT-2760"]
[Site "http://www.queenalice.com/game.php?id=1270230"]
[Date "2014.4.3"]
[Round "2"]
[White "gonzo655"]
[Black "cex5"]
[Result "0-1"]
[WhiteElo "1651"]
[BlackElo "1744"]

1. e4 e5 2. Nf3 Bd6 3. Bc4 a5 4. d3 h6 5. h3 c6 6. O-O b5 7. Bxf7+ Kxf7 8. a3
Nf6 9. c3 Ba6 10. b4 axb4 11. axb4 Bb7 12. Qb3+ Ke8 13. Nbd2 Rxa1 0-1

[Event "AUTO-INT-2760"]
[Site "http://www.queenalice.com/game.php?id=1270231"]
[Date "2014.4.3"]
[Round "2"]
[White "cex5"]
[Black "gonzo655"]
[Result "1-0"]
[WhiteElo "1745"]
[BlackElo "1625"]

1. e4 e5 2. d4 f6 3. c3 Nc6 4. d5 Nce7 5. Nf3 d6 6. Be3 b6 7. Nbd2 c6 8. c4 c5
9. a3 h6 10. Bd3 Bg4 11. h3 Bd7 12. O-O a6 13. Nb3 a5 14. a4 g5 15. Nh2 Bg7 16.
Be2 Ng6 17. Bh5 Ne7 18. Ng4 Bxg4 19. Qxg4 O-O 20. Ra3 Nh4 21. Nd2 Qc7 22. Nf3
Nxf3+ 23. gxf3 Rab8 24. h4 f5 25. exf5 Nxf5 26. hxg5 Nxe3 27. Rxe3 hxg5 28. f4
Rxf4 29. Qe6+ Kh8 30. Rh3 Rh4 31. Kg2 Rxh3 32. Qxh3 Bh6 33. Rh1 Qh7 34. Qe6 Qe4+
35. Bf3 Qh4 36. Rxh4 gxh4 37. Qxh6+ Kg8 38. Bh5 Rb7 39. Bg4 Rg7 40. Kh3 Rh7 41.
Be6+ Kh8 42. Qf8# 1-0